000 00457nam a2200157 i 4500
001 142182
003 ES-MaACL
005 20230906200450.0
007 t|
008 071003s1956 sp ||||1| cat d
100 1 _aVillangómez Llobet, M.
_9115006
245 1 2 _aL'any en estampes
_b: visions d'Eivissa /
_cMariáa Villangómez i Llobet.
260 _aBarcelona :
_bBarcino,
_c1956.
300 _a90 p. ;
_c20 cm.
852 _aES-MaACL
_jC-13371
_bR.38965
999 _c142182
_d142182